Deutsche Parteien im Europaparlament (EU-Wahl 2024) - Statistiken

Allgemein
  • Dieses Quiz wurde 174 mal gespielt
  • Das Durchschnittsergebnis liegt bei 11 aus 15
Antwortstatistiken
Sitze EU-Fraktion Partei % Korrekt
23 EVP Christlich-Demokratische Union (CDU)
100%
15 - Alternative für Deutschland (AfD)
99%
12 Grüne/EFA Bündnis 90 / Die Grünen
99%
14 S&D Sozialdemokratische Partei Deutschlands (SPD)
98%
3 The Left Die Linke
95%
5 Renew Europe Freie Demokratische Partei (FDP)
95%
6 - Bündnis Sahra Wagenknecht (BSW)
84%
6 EVP Christlich-Soziale Union (CSU)
84%
3 Grüne/EFA Volt
81%
2 - Die Partei
75%
1 The Left Tierschutzpartei
56%
3 Renew Europe Freie Wähler (FW)
54%
1 Grüne/EFA Ökologisch-Demokratische Partei (ÖDP)
41%
1 EVP Familien-Partei
23%
1 - Partei des Fortschritts (PdF)
15%
Keine übereinstimmenden Quizze gefunden
Verteilung der Resultate
Anzahl Personen mit jedem Resultat
Perzentil nach korrekt beantworteten Fragen
Ihre Resultats-Entwicklung
Sie haben dieses Quiz noch nicht gespielt